Financing micro, small, and medium enterprises <an> independent evaluation of IFC's experience with financial intermediaries in frontier countries

Salvato in:
Dettagli Bibliografici
Natura: Libro
Lingua:inglese
Pubblicazione: Washington, D.C. <The> World Bank 2008
Soggetti:
Tags: Aggiungi Tag
Nessun Tag, puoi essere il primo ad aggiungerne!!

MARC

LEADER 00000nam$a2200000$$$4500
001 0078241
005 20240315115301.7
020 |a 978-0-8213-7417-7 
041 0 |a eng 
044 |a US 
245 1 0 |a Financing micro, small, and medium enterprises  |b <an> independent evaluation of IFC's experience with financial intermediaries in frontier countries 
264 1 |a Washington, D.C.  |b <The> World Bank  |c 2008 
300 |a 85 s. 
610 2 0 |a podnikanie 
610 2 0 |a podnik malý 
610 2 0 |a podnik stredný 
610 2 0 |a financovanie 
610 2 0 |a projekty 
610 2 0 |a podpora podnikania 
610 2 0 |a projekty investičné 
610 2 0 |a služby finančné 
610 2 0 |a úver bankový 
610 2 0 |a pôžičky 
610 2 0 |a domácnosti 
610 2 0 |a organizácie finančné 
610 2 0 |a sprostredkovatelia 
610 2 0 |a pomoc rozvojová